| 000 | 00342nam a22001457a 4500 | ||
|---|---|---|---|
| 008 | 210311b ||||| |||| 00| 0 eng d | ||
| 020 | _a9780130206824 | ||
| 041 | _aeng | ||
| 080 |
_24th _a004 |
||
| 082 | _a004 | ||
| 100 | _a28 | ||
| 101 | _aSHKI | ||
| 245 |
_aStructured for Engineering and Technology _cAntonakos, J. L |
||
| 942 |
_2udc _cBK |
||
| 999 |
_c56369 _d56369 |
||